LEADER 00986nam0-2200313 --450 001 9910368960203321 005 20200204130201.0 010 $a978-88-575-5587-4 100 $a20200204d2019----kmuy0itay5050 ba 101 0 $aita 102 $aIT 105 $a 001yy 200 1 $aAbitudine e follia$estudi di storia della filosofia e della psicologia$fDenise Vincenti$gprefazione di Marco Piazza 210 $aMilano$aUdine$cMimesis$d2019 215 $a131 p.$d21 cm 225 1 $aMimesis. Il corpo e l'anima$v12 320 $aContiene bibl. (pp.119-131) 610 0 $aPazzia$aFilosofia$aSec. 19.-20. 610 0 $aAbitudine$aFilosofia$aSec. 19.-20. 676 $a153.85$v23$zita 700 1$aVincenti,$bDenise$0772530 702 1$aPiazza,$bMarco$f<1966-> 801 0$aIT$bUNINA$gREICAT$2UNIMARC 901 $aBK 912 $a9910368960203321 952 $aCOLLEZ. 2634 (12)$b473/2020$fFSPBC 959 $aFSPBC 996 $aAbitudine e follia$91577341 997 $aUNINA LEADER 00953nam a2200277 a 4500 001 991003908199707536 008 080925s 000 0 eng d 020 $a8845914534 035 $ab1377010x-39ule_inst 040 $aDip.to Filologia Ling. e Lett.$bita 100 1 $aGrimm, Jakob$019471 245 10$aFiabe ;$cJakob Grimm ; traduzine di Tommaso Landolfi ; a cura di Idolina Landolfi 250 $a2. ed. 260 $aMilano :$bAdelphi ;$cc1999 300 $a97 p. ;$c18 cm 440 0$aPiccola Biblioteca ;$v430 500 $aInclude cronologia delle traduzioni 650 4$aFiabe 700 1 $aGrimm, Wilhelm 700 1 $aLandolfi, Idolina 907 $a.b1377010x$b09-03-22$c25-09-08 912 $a991003908199707536 945 $aLE008 LLI IV i 43$g1$i2008000340827$lle008$o-$pE0.00$q-$rl$s- $t0$u2$v0$w2$x0$y.i14840492$z25-09-08 996 $aFiabe$9179750 997 $aUNISALENTO 998 $ale008$b25-09-08$cm$da $e-$fita$git $h0$i0